[Event "Montigny le Bretonneux Noel op 11th"]
[Site "Montigny le Bretonneux"]
[Date "2008.12.28"]
[Round "4"]
[White "Branson, James"]
[Black "Brisson, Michele"]
[Result "1-0"]
[WhiteElo "1748"]
[BlackElo "1160"]
[PlyCount "67"]
[EventDate "2008.12.26"]
[EventType "swiss"]
[EventRounds "7"]
[EventCountry "FRA"]
[SourceTitle "EXT 2010"]
[Source "ChessBase"]
[SourceDate "2010.11.25"]
[SourceVersion "1"]
[SourceVersionDate "2010.11.25"]
[SourceQuality "1"]

1. e4 e5 2. f4 d6 3. Nf3 Nc6 4. Bc4 Nf6 5. Nc3 Be7 6. 0-0 0-0 7. d3 b6 8. d4 exd4 9. Nxd4 Nxd4 10. Qxd4 Bb7 11. Nd5 c5 12. Qd3 Re8 13. f5 Bc6 14. a4 Nxd5 15. exd5 Bb7 16. c3 Bf6 17. Bf4 Qd7 18. Bb5 Qc7 19. Bxe8 Rxe8 20. Rae1 Rd8 21. Rf3 Qc8 22. Rg3 c4 23. Qe4 h5 24. Bg5 Qc5+ 25. Kf1 Bxd5 26. Qh4 Bxg5 27. Qxg5 g6 28. Qxd8+ Kg7 29. f6+ Kh7 30. Qf8 Bxg2+ 31. Rxg2 Qf5+ 32. Rf2 Qh3+ 33. Kg1 Qg4+ 34. Kh1 1-0